000 01398nam a2200337Ia 4500
003 CO-BoRNBP
005 20230519134833.0
007 ta
008 200115s9999 xx 000 0 und d
020 _a9789874062246
040 _aCO-BoRNBP
_bspa
_erda
_cCO-BoRNBP
041 _aspa
084 _aC COL32
100 1 _aColacrai, Pablo, 1977
_92186
245 0 _aNadie es tan fuerte /
_c Pablo Colacrai ; editora Flavia Pantanelli
250 _a1a. edición
264 1 _aBuenos Aires :
_b Modesto Rimba
_c2019
300 _a131 páginas ;
_c 20 cm.
336 _atexto
_btxt
_2rdacontent
337 _asin mediación
_bn
_2rdamedia
338 _avolumen
_bnc
_2rdacarrier
500 _aRecomendado para un público mayor de 15 años \ Incluye datos biográficos del autor en la solapa \ Autor ganador del primer premio en el Concurso de las Sombras a la Luz, 2006, y el primer premio en el concurso convocado por la revista Una Mano en 2009. Obra participante del Premio Hispanoamericano de Cuento Gabriel García Márquez
650 1 7 _aAmor cuentos
_2LEMB
_92187
650 1 7 _aAutores argentinos siglo xxi
_2LEMB
_92188
650 1 7 _aCuentos argentinos siglo xxi
_2LEMB
_92189
650 1 7 _aDesamor cuentos
_2LEMB
_92190
650 1 7 _aLiteratura argentina siglo xxi
_2LEMB
_92191
650 1 7 _aVida cotidiana cuentos
_2LEMB
_92192
700 1 _aPantanelli, Flavia
_92193
942 _2ddc
_cBK
999 _c9587
_d9587